LEADER 01284cam a22003614a 4500
001 012029263-7
005 20101021185657.0
008 090505s2008 tr b 001 0 eng c
010 |a  2009436407 
020 |a 9780965373463 
020 |a 0965373460 
035 0 |a ocn219780373 
040 |a BWS  |c BWS  |d LRU  |d DLC 
042 |a pcc 
043 |a nwtr--- 
050 0 0 |a GT4229.T7  |b G735 2008 
100 1 |a Grant, L. Trevor. 
245 1 0 |a Trinival :  |b carnival of the gods /  |c [L. Trevor Grant]. 
260 |a [San Juan, Trinidad] :  |b Yacos Pub.,  |c [c2008] 
300 |a 175 p. ;  |c 22 cm. 
504 |a Includes bibliographical references (p. 163-166) and index. 
650 0 |a Carnival  |x Social aspects  |z Trinidad and Tobago. 
650 0 |a Carnival  |z Trinidad and Tobago  |x History. 
650 0 |a Carnival  |x Political aspects  |z Trinidad and Tobago. 
650 0 |a Calypso (Music)  |z Trinidad and Tobago  |x History and criticism. 
650 0 |a Dance  |z Trinidad and Tobago. 
650 0 |a Popular music  |z Trinidad and Tobago  |x History and criticism. 
651 0 |a Trinidad and Tobago  |x Social life and customs. 
650 0 |a East Indians  |z Trinidad and Tobago  |x Social life and customs. 
650 0 |a Cultural fusion  |z Trinidad and Tobago. 
899 |a 415_565511 
988 |a 20090706 
906 |0 OCLC